Języki urzędowe państw europejskich - Statystyki

Ogólne statystyki
  • Ten quiz został rozwiązany 1 587 razy
  • Średni wynik to 42 z 49
Statystyki odpowiedzi
Państwo Języki urzędowe % Poprawnych
Belgia Francuski
97%
Francja Francuski
97%
Luksemburg Francuski
97%
Monako Francuski
97%
Austria Niemiecki
97%
Liechtenstein Niemiecki
97%
Niemcy Niemiecki
97%
Rosja Rosyjski
96%
Albania Albański
95%
Wielka Brytania - Brak de facto a________ Angielski
94%
Polska Polski
94%
San Marino Włoski
94%
Włochy Włoski
94%
Chorwacja Chorwacki
93%
Czechy Czeski
93%
Cypr Grecki
92%
Grecja Grecki
92%
Portugalia Portugalski
92%
Ukraina Ukraiński
92%
Bułgaria Bułgarski
91%
Dania (bez terytoriów zależnych np: Grenlandia) Duński
91%
Białoruś Białoruski
90%
Estonia Estoński
90%
Norwegia Norweski
90%
Mołdawia Rumuński
89%
Naddniestrze Rumuński
89%
Rumunia Rumuński
89%
Kosowo Serbski
89%
Serbia Serbski
89%
Słowacja Słowacki
89%
Węgry Węgierski
89%
Irlandia Irlandzki
87%
Słowenia Słoweński
87%
Szwajcaria Niemiecki
86%
Islandia Islandzki
85%
Łotwa Łotewski
84%
Macedonia Północna Macedoński
84%
Litwa Litewski
83%
Finlandia Fiński
79%
Gruzja Gruziński
79%
Bośnia i Hercegowina - Brak de facto B________ Bośniacki
77%
Czarnogóra Czarnogórski
77%
Malta Maltański
74%
Szwecja Szwecki
67%
Holandia Niderlandzki
66%
Watykan Łacina
51%
Andora Kataloński
50%
Armenia Ormiański
49%
Hiszpania Kastylijski
21%
Nie znaleziono quizów pasujących do podanych kryteriów
Rozkład punktacji
Procent ludzi z każdym wynikiem
Percentyl według liczby udzielonych odpowiedzi
Twoja historia wyników
Nie rozwiązałeś tego quizu